Olivia Rodrigo Albums Sudden Death - Statistics

General Stats
  • This quiz has been taken 81 times
  • The average score is 4 of 6
Answers on the Grid
Answers color-coded by a green-red scale on the quiz's grid according to % correct below.
SOUR
GUTS
you seem pretty sad for a girl so in love
LOVE
Short n' Sweet
The Art of Loving
The Life of a Showgirl
This Music May Contain Hope
So Close To What
Wishbone
Fearless
Beautiful Chaos
Stick Season
FART
Man's Best Friend
Hit Me Hard and Soft
Deja Vu
HELP (2)
High School Musical: The Musical: The Series: The Soundtrack
The Ballad of Songbirds & Snakes
 
Answer Stats
Answer % Correct
GUTS
95%
SOUR
92%
High School Musical: The Musical: The Series: The Soundtrack
82%
you seem pretty sad for a girl so in love
78%
The Ballad of Songbirds & Snakes
58%
HELP (2)
25%
No matching quizzes found
Score Distribution
Percent of People with Each Score
Percentile by Number Answered
Your Score History
You have not taken this quiz